000 00456nam a22001697a 4500
003 OSt
008 250801b |||||||| |||| 00| 0 eng d
020 _a9789356661196
082 _a346.45 IIB&FB
100 _aINDIAN INSTITUTE OF BANKING & FINANCE
245 _aBanking Regulations & Business Laws
250 _aReprint
260 _aChennai,
_bMacmillan Education India Pvt. Ltd.,
_c2024,
300 _a642 p.
650 _aCommerce
942 _2ddc
_cBK
999 _c13682
_d13682